Pays où le taux de tabagisme est le plus élevé - Statistiques

Statistiques générales
  • Ce quiz a été pris 121 fois
  • Le résultat moyen est 3 sur 10
Statistiques - réponses
Taux de tabagisme Pays % Correct
37,6% Indonésie
62%
39,8% Serbie
46%
39% Bulgarie
35%
48,5% Nauru
32%
37% Lettonie
27%
40,6% Kiribati
25%
38,2% Liban
25%
39,3% Papouasie Nouvelle-Guinée
21%
44,1% Myanmar
19%
39,2% Timor oriental
15%
Aucun quiz correspondant
Distribution des résultats
% des personnes avec chaque résultat
Percentile par nombre de réponses
Votre historique - résultats
Vous n’avez pas pris ce quiz